Το απεργιακό φαινόμενο στην Ελλάδα κατά το 2012
Saved in:
| Main Author: | |
|---|---|
| Corporate Author: | |
| Other Authors: | |
| Format: | Conference Proceeding Book |
| Language: | Greek |
| Published: |
Αθήνα :
Ινστιτούτο Εργασίας ΓΣΕΕ,
2013.
|
| Series: | Μελέτες ;
; 38 |
| Subjects: | |
| Tags: |
Add Tag
No Tags, Be the first to tag this record!
|
MARC
| LEADER | 00000cam a2200000 i 4500 | ||
|---|---|---|---|
| 001 | 1/46653 | ||
| 008 | 140502s2013####gr | | ||| |||| ||gre|| | ||
| 020 | |a 978-960-9571-43-2 (pbk.) | ||
| 035 | |l 10117516 | ||
| 040 | |a GR-MY-UA |b gre |e aacr | ||
| 041 | 0 | |a gre | |
| 082 | 0 | |a 331.8929495 |2 (23) | |
| 100 | 1 | |a Κατσορίδας, Δημήτρης Α. | |
| 245 | 1 | 3 | |a Το απεργιακό φαινόμενο στην Ελλάδα κατά το 2012 / |c Δημήτρης Κατσορίδας, Σοφία Λαμπουσάκη ; συντονιστής Γιάνης Κουζής. |
| 260 | |a Αθήνα : |b Ινστιτούτο Εργασίας ΓΣΕΕ, |c 2013. | ||
| 300 | |a 93 σ. : |b διαγρ., πίν. ; |c 29 εκ. | ||
| 490 | 1 | |a Μελέτες |v ; 38 | |
| 650 | 0 | 0 | |a Strikes and lockouts |z Greece. |
| 650 | 0 | 0 | |a Strikes and lockouts |z Europe. |
| 700 | 1 | |a Λαμπουσάκη, Σοφία. | |
| 700 | 1 | |a Κουζής, Γιάννης. |4 oth | |
| 711 | 2 | |a Ινστιτούτο Εργασίας ΓΣΕΕ-ΑΔΕΔΥ. | |
| 830 | 0 | |a Μελέτες ; |v ; 38 | |
| 852 | |a INST |b CHIOS |e 20140502 |h 331.8929495 ΚΑΤ |p 005200036125 |q 005200036125 |t BK |y 0 | ||
| 901 | |a BIBL2-2014-2 | ||
| 909 | |a Χ |b 180650 | ||
| 970 | |a ΣΠΕΝΤΖΑ |b ΕΛΕΝΗ |z 2014/05/02 | ||